| 000 | 01530nam a2200349 a 4500 | ||
|---|---|---|---|
| 001 | ebr10722571 | ||
| 003 | CaPaEBR | ||
| 006 | m o u | ||
| 007 | cr cn||||||||| | ||
| 008 | 130705s2010 enkao sb 001 0 eng d | ||
| 020 | _z9781405181617 | ||
| 020 | _z9781118709740 (e-book) | ||
| 040 |
_aCaPaEBR _cCaPaEBR |
||
| 050 | 1 | 4 |
_aRT48 _b.P478 2010eb |
| 082 | 0 | 4 |
_a616.07/5 _222 |
| 245 | 0 | 0 |
_aPhysical assessment for nurses _h[electronic resource] _cedited by Carol Lynn Cox. |
| 250 | _a2nd ed. | ||
| 260 |
_aChichester, West Sussex, U.K. : _bWiley-Blackwell, _cc2010. |
||
| 300 |
_a1 online resource (xxii, 418 p.) : _bill. (some col.), photographs. |
||
| 500 | _aAdapted from: Lecture notes on clinical skills (3rd ed.) / Robert Turner, Roger Blackwood. | ||
| 504 | _aIncludes bibliographical references and index. | ||
| 533 |
_aElectronic reproduction. _bPalo Alto, Calif. : _cebrary, _d2013. _nAvailable via World Wide Web. _nAccess may be limited to ebrary affiliated libraries. |
||
| 588 | _aDescription based on online resource; title from title page (ebrary, viewed July 5, 2013). | ||
| 650 | 0 | _aNursing assessment. | |
| 650 | 0 | _aPhysical diagnosis. | |
| 655 | 7 |
_aElectronic books. _2local |
|
| 700 | 1 | _aCox, Carol Lynn. | |
| 700 | 1 |
_aTurner, Robert _q(Robert Charles), _d1938- _tLecture notes on clinical skills. |
|
| 710 | 2 | _aebrary, Inc. | |
| 856 | 4 | 0 |
_uhttp://site.ebrary.com/lib/rucke/Doc?id=10722571 _zAn electronic book accessible through the World Wide Web; click to view |
| 922 | _aInnodata Copy | ||
| 999 |
_c39418 _d39418 |
||